000 00992nas a2200313 4500
001 BR9211878
003 BR-BrBNA
005 20231205093536.0
007 ta
008 230509b bl.|||p| |||| 00| 00por d
040 _aBR-BrBNA
_bpor
_cBiblioteca Nacional de Agricultura
041 _a(Pt)
072 _aF01
100 1 _aMerten, G.H.
100 1 _aMielniczuk, J.
245 1 _aDistribuicao do sistema radicular e dos nutrientes em latossolo roxo sob dois sistemas de preparo de solo
246 1 _aRoot and nutrient distribution in a haplortox soil under two tillage systems
650 _aAVEIA PRETA
650 _aTRIGO
650 _aMILHO
650 _aSOJA
650 _aARADURA
650 _aPLANTIO DIRETO
650 _aLATOSSOLO ROXO
650 _aRIO GRANDE DO SUL
773 0 _tRevista Brasileira de Ciencia do Solo (Brazil)
_xISSN 0100-0683
_g(Sep-Dec 1991), v. 15(3) p. 369-374
_wBR9211878
909 _a202311
_bLúcia
_c55
_dLúcia Elande
942 _2AGRIS
_n0
_cANA
999 _c139075
_d139075